Statistics for 20 Most Streamed Songs from 2009 on Spotify

Click here to take the quiz!

General Stats

  • This quiz has been taken 146 times
    (142 since last reset)
  • The average score is 12 of 20

Answer Stats

ArtistSong% Correct
Lady GagaBad Romance
99%
Lady GagaPoker Face
99%
Lady GagaJust Dance
99%
Lady GagaTelephone
99%
BeyoncéHalo
93%
Miley CyrusParty In The U.S.A
92%
Black Eyed PeasI Gotta Feeling
87%
Jay-ZEmpire State Of Mind
83%
Kings Of LeonSex on Fire
71%
Owl CityFireflies
62%
Jason DeruloWhatcha Say
59%
Florence + The MachineDog Days Are Over
42%
Jay SeanDown
30%
Mumford & SonsLittle Lion Man
29%
Empire of the SunWalking On A Dream
28%
MuseUprising
26%
IyazReplay
22%
Jason MrazLucky
21%
The xxIntro
12%
SkilletMonster
6%

Score Distribution

Percentile by Number Answered

Percent of People with Each Score

Your Score History

You have not taken this quiz since the last reset